<?xml version="1.0" encoding="UTF-8"?>
<collection xmlns="http://www.loc.gov/MARC21/slim">
 <record>
  <leader>01771nam a22002537a 4500</leader>
  <controlfield tag="001">NCT_87696</controlfield>
  <controlfield tag="008">201205b        xxu||||| |||| 00| 0 vie d</controlfield>
  <datafield tag="999" ind1=" " ind2=" ">
   <subfield code="c">4322</subfield>
   <subfield code="d">4322</subfield>
  </datafield>
  <datafield tag="020" ind1=" " ind2=" ">
   <subfield code="a">9786049113000</subfield>
   <subfield code="c">125000</subfield>
  </datafield>
  <datafield tag="082" ind1="0" ind2="4">
   <subfield code="2">23rd ed.</subfield>
   <subfield code="a">664.0028</subfield>
   <subfield code="b">M312</subfield>
  </datafield>
  <datafield tag="100" ind1="1" ind2=" ">
   <subfield code="a">Tôn Thất Minh</subfield>
  </datafield>
  <datafield tag="245" ind1="1" ind2="0">
   <subfield code="a">Giáo trình máy và thiết bị chế biến lương thực</subfield>
   <subfield code="c">Tôn Thất Minh</subfield>
  </datafield>
  <datafield tag="250" ind1=" " ind2=" ">
   <subfield code="a">Xuất bản lần thứ 2</subfield>
  </datafield>
  <datafield tag="260" ind1=" " ind2=" ">
   <subfield code="a">H.</subfield>
   <subfield code="b">Bách khoa - Hà Nội</subfield>
   <subfield code="c">2013</subfield>
  </datafield>
  <datafield tag="300" ind1=" " ind2=" ">
   <subfield code="a">271 tr.</subfield>
   <subfield code="b">Minh họa</subfield>
   <subfield code="c">27cm</subfield>
  </datafield>
  <datafield tag="520" ind1="3" ind2=" ">
   <subfield code="a">Trình bày cấu tạo, nguyên lí làm việc, chức năng và tính toán các máy, thiết bị trong các công đoạn chính của qui trình chế biến lương thực như làm sạch, phân loại, xay, xát, nghiền, trộn và sấy.</subfield>
  </datafield>
  <datafield tag="653" ind1=" " ind2=" ">
   <subfield code="a">Công nghệ thực phẩm</subfield>
  </datafield>
  <datafield tag="942" ind1=" " ind2=" ">
   <subfield code="2">ddc</subfield>
   <subfield code="c">BK</subfield>
  </datafield>
  <datafield tag="952" ind1=" " ind2=" ">
   <subfield code="0">0</subfield>
   <subfield code="1">0</subfield>
   <subfield code="2">ddc</subfield>
   <subfield code="4">0</subfield>
   <subfield code="6">664_002800000000000_M312</subfield>
   <subfield code="7">0</subfield>
   <subfield code="9">20883</subfield>
   <subfield code="a">000001</subfield>
   <subfield code="b">000001</subfield>
   <subfield code="d">2020-12-05</subfield>
   <subfield code="o">664.0028 M312</subfield>
   <subfield code="p">MD.18161</subfield>
   <subfield code="r">2020-12-05</subfield>
   <subfield code="v">125000.00</subfield>
   <subfield code="w">2020-12-05</subfield>
   <subfield code="y">BK</subfield>
  </datafield>
  <datafield tag="952" ind1=" " ind2=" ">
   <subfield code="0">0</subfield>
   <subfield code="1">0</subfield>
   <subfield code="2">ddc</subfield>
   <subfield code="4">0</subfield>
   <subfield code="6">664_002800000000000_M312</subfield>
   <subfield code="7">0</subfield>
   <subfield code="9">20884</subfield>
   <subfield code="a">000001</subfield>
   <subfield code="b">000001</subfield>
   <subfield code="d">2020-12-05</subfield>
   <subfield code="o">664.0028 M312</subfield>
   <subfield code="p">MD.18162</subfield>
   <subfield code="r">2020-12-05</subfield>
   <subfield code="v">125000.00</subfield>
   <subfield code="w">2020-12-05</subfield>
   <subfield code="y">BK</subfield>
  </datafield>
  <datafield tag="952" ind1=" " ind2=" ">
   <subfield code="0">0</subfield>
   <subfield code="1">0</subfield>
   <subfield code="2">ddc</subfield>
   <subfield code="4">0</subfield>
   <subfield code="6">664_002800000000000_M312</subfield>
   <subfield code="7">0</subfield>
   <subfield code="9">20885</subfield>
   <subfield code="a">000001</subfield>
   <subfield code="b">000001</subfield>
   <subfield code="d">2020-12-05</subfield>
   <subfield code="o">664.0028 M312</subfield>
   <subfield code="p">MD.18163</subfield>
   <subfield code="r">2020-12-05</subfield>
   <subfield code="v">125000.00</subfield>
   <subfield code="w">2020-12-05</subfield>
   <subfield code="y">BK</subfield>
  </datafield>
  <datafield tag="952" ind1=" " ind2=" ">
   <subfield code="0">0</subfield>
   <subfield code="1">0</subfield>
   <subfield code="2">ddc</subfield>
   <subfield code="4">0</subfield>
   <subfield code="6">664_002800000000000_M312</subfield>
   <subfield code="7">0</subfield>
   <subfield code="9">20886</subfield>
   <subfield code="a">000001</subfield>
   <subfield code="b">000001</subfield>
   <subfield code="d">2020-12-05</subfield>
   <subfield code="l">1</subfield>
   <subfield code="o">664.0028 M312</subfield>
   <subfield code="p">MD.18164</subfield>
   <subfield code="q">2022-02-27</subfield>
   <subfield code="r">2022-02-12</subfield>
   <subfield code="s">2022-02-12</subfield>
   <subfield code="v">125000.00</subfield>
   <subfield code="w">2020-12-05</subfield>
   <subfield code="y">BK</subfield>
  </datafield>
  <datafield tag="952" ind1=" " ind2=" ">
   <subfield code="0">0</subfield>
   <subfield code="1">0</subfield>
   <subfield code="2">ddc</subfield>
   <subfield code="4">0</subfield>
   <subfield code="6">664_002800000000000_M312</subfield>
   <subfield code="7">0</subfield>
   <subfield code="9">20887</subfield>
   <subfield code="a">000001</subfield>
   <subfield code="b">000001</subfield>
   <subfield code="d">2020-12-05</subfield>
   <subfield code="o">664.0028 M312</subfield>
   <subfield code="p">MD.18165</subfield>
   <subfield code="r">2020-12-05</subfield>
   <subfield code="v">125000.00</subfield>
   <subfield code="w">2020-12-05</subfield>
   <subfield code="y">BK</subfield>
  </datafield>
  <datafield tag="980" ind1=" " ind2=" ">
   <subfield code="a">Thư viện Trường Đại học Nam Cần Thơ</subfield>
  </datafield>
 </record>
</collection>
